[Event "FICGS W-ch st1 gN 02 email"]
[Site "FICGS email"]
[Date "2022.03.14"]
[Round "1"]
[White "Murray, Russell"]
[Black "Wiaderek, Piotr"]
[Result "1/2-1/2"]
[WhiteElo "2248"]
[BlackElo "2200"]
[PlyCount "74"]
[EventDate "2022.??.??"]
[EventType "tourn (corr)"]
[EventRounds "1"]
[SourceTitle "Corr 2024"]
[Source "ChessBase"]
[SourceDate "2023.10.19"]
[SourceVersion "1"]
[SourceVersionDate "2023.10.19"]
[SourceQuality "1"]

1. e4 e5 2. Nf3 Nc6 3. Nc3 Nf6 4. d4 exd4 5. Nxd4 Bb4 6. Nxc6 bxc6 7. Bd3 0-0 8. 0-0 d5 9. exd5 cxd5 10. h3 c6 11. Qf3 Re8 12. Bf4 h6 13. Rfe1 Be6 14. a3 Bf8 15. Rad1 a5 16. Na4 Bd6 17. Bf1 Bxf4 18. Qxf4 Qb8 19. Qd2 Qa7 20. c4 dxc4 21. Qc2 Bd5 22. Bxc4 Rab8 23. Rxe8+ Rxe8 24. Bd3 Qb8 25. Qc1 Bb3 26. Bc2 Re2 27. Rd2 Bxc2 28. Rxc2 Rxc2 29. Qxc2 Qe5 30. g3 Ne4 31. Qxc6 Qf5 32. Qb6 Qf3 33. Qd8+ Kh7 34. Qd4 Nxf2 35. Qxf2 Qd1+ 36. Kg2 Qxa4 37. Qxf7 Qe4+ 1/2-1/2

[Event "FICGS class M 000095 email"]
[Site "FICGS email"]
[Date "2021.07.07"]
[Round "1"]
[White "Groves, Don"]
[Black "Murray, Russell"]
[Result "1/2-1/2"]
[WhiteElo "2245"]
[BlackElo "2255"]
[PlyCount "35"]
[EventDate "2021.??.??"]
[EventType "tourn (corr)"]
[EventRounds "6"]
[SourceTitle "Corr 2022"]
[Source "ChessBase"]
[SourceDate "2021.10.24"]
[SourceVersion "1"]
[SourceVersionDate "2021.10.24"]
[SourceQuality "1"]

1. e4 e5 2. Nf3 Nf6 3. Nxe5 d6 4. Nf3 Nxe4 5. d4 d5 6. Bd3 Bd6 7. 0-0 0-0 8. c4 c6 9. Nc3 Nxc3 10. bxc3 dxc4 11. Bxc4 Bf5 12. Bg5 Qa5 13. Nh4 Be6 14. Bxe6 Qxg5 15. Nf3 Qa5 16. Qb3 Qc7 17. Bc4 Nd7 18. g3 1/2-1/2

[Event "FICGS class M 000095 email"]
[Site "FICGS email"]
[Date "2021.07.07"]
[Round "1"]
[White "Murray, Russell"]
[Black "Cirulis, Ilmars"]
[Result "1/2-1/2"]
[WhiteElo "2255"]
[BlackElo "2235"]
[PlyCount "60"]
[EventDate "2021.??.??"]
[EventType "tourn (corr)"]
[EventRounds "6"]
[SourceTitle "Corr 2024"]
[Source "ChessBase"]
[SourceDate "2023.10.19"]
[SourceVersion "1"]
[SourceVersionDate "2023.10.19"]
[SourceQuality "1"]

1. e4 e5 2. Nf3 Nc6 3. Bb5 Nf6 4. 0-0 Nxe4 5. d4 Nd6 6. Bxc6 dxc6 7. dxe5 Nf5 8. Qxd8+ Kxd8 9. h3 Be7 10. Nc3 Nh4 11. Nxh4 Bxh4 12. Be3 h5 13. Ne2 Bf5 14. Nd4 Bd7 15. f4 Re8 16. Bf2 Be7 17. Rae1 c5 18. Nf3 Rg8 19. Re3 Be6 20. Bh4 Bxh4 21. Nxh4 g6 22. a3 Kd7 23. Nf3 Rgd8 24. Kf2 Ke7 25. Kg3 a5 26. Kh4 b5 27. Kg5 Rd5 28. Rf2 Rh8 29. Kh4 c4 30. Re1 a4 1/2-1/2

[Event "FICGS class M 000095 email"]
[Site "FICGS email"]
[Date "2021.07.07"]
[Round "1"]
[White "Murray, Russell"]
[Black "Duttagupta, Aniruddha"]
[Result "1/2-1/2"]
[WhiteElo "2255"]
[BlackElo "2211"]
[PlyCount "34"]
[EventDate "2021.??.??"]
[EventType "tourn (corr)"]
[EventRounds "6"]
[SourceTitle "Corr 2024"]
[Source "ChessBase"]
[SourceDate "2023.10.19"]
[SourceVersion "1"]
[SourceVersionDate "2023.10.19"]
[SourceQuality "1"]

1. e4 c6 2. c4 d5 3. cxd5 cxd5 4. exd5 Nf6 5. Nc3 Nxd5 6. Nf3 Nc6 7. Bb5 g6 8. Qa4 Qd6 9. Ne4 Qe6 10. 0-0 Bg7 11. Re1 0-0 12. d4 Rd8 13. Nc5 Qd6 14. Bxc6 Qxc6 15. Qxc6 bxc6 16. a3 f6 17. Nd2 a5 1/2-1/2

[Event "FICGS W-ch st2 g03 email"]
[Site "FICGS email"]
[Date "2018.02.01"]
[Round "1"]
[White "Murray, Russell"]
[Black "Kireev, Sergey Ivanovich"]
[Result "1/2-1/2"]
[WhiteElo "2045"]
[BlackElo "2213"]
[PlyCount "60"]
[EventDate "2018.??.??"]
[EventType "tourn (corr)"]
[EventRounds "8"]
[SourceTitle "Corr 2022"]
[Source "ChessBase"]
[SourceDate "2021.10.24"]
[SourceVersion "1"]
[SourceVersionDate "2021.10.24"]
[SourceQuality "1"]

1. d4 d5 2. Nf3 Nf6 3. c4 c6 4. Nc3 e6 5. g3 dxc4 6. Bg2 Nbd7 7. 0-0 b5 8. e4 Bb7 9. e5 Nd5 10. Ng5 h6 11. Nxe6 fxe6 12. Qh5+ Ke7 13. Ne4 Qe8 14. Bg5+ hxg5 15. Qxh8 Kd8 16. Nxg5 Kc8 17. a4 c5 18. Rfd1 bxa4 19. Rxa4 N5b6 20. Ra5 Bxg2 21. Kxg2 cxd4 22. Rxd4 Kb7 23. Ne4 Qg6 24. Qh4 Rc8 25. Nd6+ Bxd6 26. exd6 a6 27. Rg5 Qc2 28. Qe4+ Qxe4+ 29. Rxe4 Kc6 30. Rxg7 Kxd6 1/2-1/2

[Event "FICGS class A 000182 email"]
[Site "FICGS email"]
[Date "2017.12.02"]
[Round "1"]
[White "Murray, Russell"]
[Black "Bukharin, Alexey"]
[Result "1-0"]
[WhiteElo "2045"]
[BlackElo "2054"]
[PlyCount "95"]
[EventDate "2017.??.??"]
[EventType "tourn (corr)"]
[EventRounds "6"]
[SourceTitle "Corr 2022"]
[Source "ChessBase"]
[SourceDate "2021.10.24"]
[SourceVersion "1"]
[SourceVersionDate "2021.10.24"]
[SourceQuality "1"]

1. d4 d6 2. Nf3 Bg4 3. c4 Bxf3 4. exf3 c6 5. Nc3 g6 6. Be3 Bg7 7. Be2 e6 8. Qb3 Qb6 9. Qa3 d5 10. 0-0 Bf8 11. Qa4 Ne7 12. Bg5 Nd7 13. cxd5 Nxd5 14. Nxd5 exd5 15. Rfe1 f6 16. Bd2 a5 17. Bc4+ Kd8 18. Bf1 Bb4 19. Bc3 Re8 20. Qc2 Bd6 21. g3 f5 22. Qa4 Qc7 23. a3 Re7 24. Bd2 Rxe1 25. Rxe1 Nb6 26. Qb3 a4 27. Qc3 Qf7 28. b4 axb3 29. Qxb3 Nc4 30. Bb4 b5 31. Bxc4 bxc4 32. Qc3 Qf8 33. Bxd6 Qxd6 34. Qe3 Qf8 35. Qe6 Kc7 36. Qe5+ Kd7 37. Rb1 Ra7 38. a4 Qe8 39. Qf4 c3 40. Qc1 Rxa4 41. Qxc3 Ra7 42. Re1 Qf7 43. Qe3 Rc7 44. Qe5 Rc8 45. Ra1 Kd8 46. Kg2 Qe7 47. Qf4 Qf6 48. h4 1-0

[Event "FICGS class A 000182 email"]
[Site "FICGS email"]
[Date "2017.12.02"]
[Round "1"]
[White "Murray, Russell"]
[Black "Mevel, Alberic"]
[Result "1-0"]
[WhiteElo "2045"]
[BlackElo "2104"]
[PlyCount "61"]
[EventDate "2017.??.??"]
[EventType "tourn (corr)"]
[EventRounds "6"]
[SourceTitle "Corr 2022"]
[Source "ChessBase"]
[SourceDate "2021.10.24"]
[SourceVersion "1"]
[SourceVersionDate "2021.10.24"]
[SourceQuality "1"]

1. d4 Nf6 2. Nf3 g6 3. c4 Bg7 4. g3 c5 5. Bg2 cxd4 6. Nxd4 0-0 7. Nc3 Nc6 8. 0-0 Ng4 9. e3 d6 10. b3 Nxd4 11. exd4 Nh6 12. Bxh6 Bxh6 13. Qe2 Rb8 14. Rfd1 Bg7 15. b4 h5 16. c5 Bg4 17. Bf3 Qd7 18. Rac1 Bh6 19. Rb1 Qf5 20. Rd3 Rbd8 21. Rbd1 Rd7 22. d5 dxc5 23. bxc5 Rfd8 24. d6 Bxf3 25. Rxf3 Qxc5 26. Nd5 Rxd6 27. Qxe7 R8d7 28. Nf6+ Rxf6 29. Qxc5 Rxd1+ 30. Kg2 Rxf3 31. Kxf3 1-0

[Event "FICGS class A 000182 email"]
[Site "FICGS email"]
[Date "2017.12.02"]
[Round "1"]
[White "Murray, Russell"]
[Black "Pandey, Manoj"]
[Result "1/2-1/2"]
[WhiteElo "2045"]
[BlackElo "2111"]
[PlyCount "42"]
[EventDate "2017.??.??"]
[EventType "tourn (corr)"]
[EventRounds "6"]
[SourceTitle "Corr 2022"]
[Source "ChessBase"]
[SourceDate "2021.10.24"]
[SourceVersion "1"]
[SourceVersionDate "2021.10.24"]
[SourceQuality "1"]

1. d4 Nf6 2. Nf3 e6 3. e3 d5 4. Bd3 c5 5. b3 b6 6. 0-0 Bb7 7. Bb2 Be7 8. dxc5 Bxc5 9. Nbd2 0-0 10. c4 Nc6 11. Qe2 Re8 12. Rfd1 d4 13. Nxd4 Nxd4 14. Bxd4 Bxd4 15. exd4 Qxd4 16. Nf3 Bxf3 17. Qxf3 Qb2 18. g3 h6 19. Rdb1 Qd4 20. Rd1 Qb2 21. Qe2 Qxe2 1/2-1/2

[Event "FICGS W-ch st1 g06 email"]
[Site "FICGS email"]
[Date "2017.07.01"]
[Round "1"]
[White "Murray, Russell"]
[Black "Willoughby, Peter"]
[Result "1-0"]
[WhiteElo "2028"]
[BlackElo "1599"]
[PlyCount "63"]
[EventDate "2017.??.??"]
[EventType "tourn (corr)"]
[EventRounds "8"]
[SourceTitle "Corr 2022"]
[Source "ChessBase"]
[SourceDate "2021.10.24"]
[SourceVersion "1"]
[SourceVersionDate "2021.10.24"]
[SourceQuality "1"]

1. d4 Nf6 2. Nf3 g6 3. c4 Bg7 4. Nc3 0-0 5. e4 d6 6. Be2 e5 7. d5 a5 8. Bg5 h6 9. Be3 Ng4 10. Bd2 Na6 11. h3 Nf6 12. Be3 Nh5 13. g3 Nc5 14. Nd2 Nf6 15. g4 Bd7 16. h4 c6 17. g5 hxg5 18. hxg5 Nh7 19. Rg1 a4 20. Rg3 cxd5 21. cxd5 Rc8 22. Rc1 Kh8 23. b4 axb3 24. axb3 Be8 25. b4 Na4 26. Nxa4 Rxc1 27. Qxc1 Bxa4 28. b5 Qa5 29. Qc4 Ra8 30. f4 exf4 31. Bxf4 Qb6 32. Ra3 1-0

[Event "FICGS class A 000170 email"]
[Site "FICGS email"]
[Date "2016.04.04"]
[Round "1"]
[White "Basant, Neel"]
[Black "Murray, Russell"]
[Result "1-0"]
[WhiteElo "2018"]
[BlackElo "2097"]
[PlyCount "21"]
[EventDate "2016.??.??"]
[EventType "tourn (corr)"]
[EventRounds "6"]
[SourceTitle "Corr 2022"]
[Source "ChessBase"]
[SourceDate "2021.10.24"]
[SourceVersion "1"]
[SourceVersionDate "2021.10.24"]
[SourceQuality "1"]

1. e4 e5 2. Nf3 Nf6 3. Nxe5 d6 4. Nf3 Nxe4 5. d4 d5 6. Bd3 Nc6 7. 0-0 Be7 8. a3 Bg4 9. c4 Bxf3 10. Qxf3 Nxd4 11. Qe3 1-0

[Event "FICGS class C 000226 email"]
[Site "FICGS email"]
[Date "2015.06.06"]
[Round "1"]
[White "Bartsch, Reinhard Andrea"]
[Black "Murray, Russell"]
[Result "0-1"]
[WhiteElo "2018"]
[BlackElo "2064"]
[PlyCount "96"]
[EventDate "2015.??.??"]
[EventType "tourn (corr)"]
[EventRounds "1"]
[SourceTitle "Corr 2022"]
[Source "ChessBase"]
[SourceDate "2021.10.24"]
[SourceVersion "1"]
[SourceVersionDate "2021.10.24"]
[SourceQuality "1"]

1. d4 d5 2. c4 c6 3. Nf3 Nf6 4. Nc3 dxc4 5. a4 Bf5 6. Ne5 Nbd7 7. Nxc4 Nb6 8. Ne5 a5 9. f3 Nfd7 10. e4 Nxe5 11. exf5 Ned7 12. Be3 g6 13. Bd3 Bg7 14. 0-0 Nf6 15. Re1 Qd7 16. fxg6 hxg6 17. Bf2 Nfd5 18. h3 e6 19. Re4 Nb4 20. Qe2 0-0-0 21. Rd1 Qc7 22. Bb1 N6d5 23. Qe1 Rd7 24. Bg3 Qb6 25. Kh1 Ne7 26. Be5 Nf5 27. Bxg7 Nxg7 28. Rh4 Rhd8 29. Rh7 Ne8 30. Rd2 Nf6 31. Rxf7 Rxf7 32. Qxe6+ Rdd7 33. Bxg6 Rf8 34. Bf5 Kb8 35. Qe5+ Rc7 36. Qd6 Nd7 37. Bxd7 Rd8 38. Nb5 Rdxd7 39. Qe6 Rd8 40. Nxc7 Qxc7 41. Qe3 Rd7 42. Qf2 Qd8 43. h4 b6 44. g3 c5 45. d5 Nc6 46. g4 Nd4 47. Kg2 Ka7 48. h5 Qg5 0-1

[Event "FICGS class C 000226 email"]
[Site "FICGS email"]
[Date "2015.06.06"]
[Round "1"]
[White "Kopasov, Evgeny Aleksandrovi"]
[Black "Murray, Russell"]
[Result "1/2-1/2"]
[WhiteElo "1985"]
[BlackElo "2064"]
[PlyCount "73"]
[EventDate "2015.??.??"]
[EventType "tourn (corr)"]
[EventRounds "1"]
[SourceTitle "Corr 2022"]
[Source "ChessBase"]
[SourceDate "2021.10.24"]
[SourceVersion "1"]
[SourceVersionDate "2021.10.24"]
[SourceQuality "1"]

1. d4 d5 2. c4 c6 3. Nf3 Nf6 4. Nc3 dxc4 5. a4 Bf5 6. Ne5 Na6 7. e3 Nb4 8. Bxc4 e6 9. 0-0 Bd6 10. Qe2 h6 11. e4 Bh7 12. Bf4 0-0 13. Bg3 Qe7 14. Rad1 c5 15. dxc5 Bxc5 16. Kh1 Nc6 17. Nxc6 bxc6 18. f4 Nd7 19. Qh5 Nf6 20. Qf3 Rad8 21. Bh4 Rxd1 22. Rxd1 Bb6 23. b3 Qc5 24. Bxf6 gxf6 25. f5 Qe5 26. Rf1 Rd8 27. Ne2 exf5 28. Qh5 fxe4 29. Qxf7+ Kh8 30. Nf4 e3 31. Nh5 Qg5 32. Nxf6 Qg6 33. Nxh7 Qxf7 34. Rxf7 Rd1+ 35. Rf1 Rxf1+ 36. Bxf1 Kxh7 37. g3 1/2-1/2

[Event "FICGS rapid M 000073 email"]
[Site "FICGS email"]
[Date "2014.06.29"]
[Round "1"]
[White "Batal, Jean"]
[Black "Murray, Russell"]
[Result "1/2-1/2"]
[WhiteElo "2104"]
[BlackElo "2142"]
[PlyCount "69"]
[EventDate "2014.??.??"]
[EventType "tourn (rapid)"]
[EventRounds "6"]
[SourceTitle "Corr 2022"]
[Source "ChessBase"]
[SourceDate "2021.10.24"]
[SourceVersion "1"]
[SourceVersionDate "2021.10.24"]
[SourceQuality "1"]

1. c4 c6 2. g3 d5 3. Nf3 Nf6 4. Bg2 dxc4 5. 0-0 Nbd7 6. Qc2 Nb6 7. Na3 Be6 8. Ne5 Qd4 9. Nxc6 bxc6 10. Bxc6+ Kd8 11. Nb5 Qc5 12. Bxa8 Qxb5 13. Bg2 h5 14. h4 Bg4 15. d4 cxd3 16. Rd1 Bf5 17. Bg5 Nfd5 18. Qb3 Qxb3 19. axb3 f6 20. e4 Bg4 21. Rxd3 fxg5 22. hxg5 h4 23. gxh4 g6 24. exd5 Bf5 25. Rg3 Rxh4 26. Rxa7 Bg7 27. d6 Bd4 28. dxe7+ Ke8 29. Kf1 Nd7 30. Ra4 Nc5 31. Re3 Bxe3 32. Rxh4 Bxg5 33. Rh7 Bxe7 34. Bc6+ Nd7 35. Ke2 1/2-1/2

[Event "FICGS class A 000126 email"]
[Site "FICGS email"]
[Date "2012.09.12"]
[Round "1"]
[White "Ba, Attila"]
[Black "Murray, Russell"]
[Result "1/2-1/2"]
[WhiteElo "1955"]
[BlackElo "2000"]
[PlyCount "81"]
[EventDate "2012.??.??"]
[EventType "tourn (corr)"]
[EventRounds "6"]
[SourceTitle "Corr 2022"]
[Source "ChessBase"]
[SourceDate "2021.10.24"]
[SourceVersion "1"]
[SourceVersionDate "2021.10.24"]
[SourceQuality "1"]

1. Nf3 d5 2. b3 Nf6 3. e3 Bf5 4. Ba3 Nbd7 5. c4 c6 6. cxd5 cxd5 7. Be2 e6 8. Bxf8 Nxf8 9. 0-0 N8d7 10. Nh4 Bxb1 11. Qxb1 0-0 12. Nf3 Rc8 13. Rc1 Rxc1+ 14. Qxc1 Qb8 15. Qb2 Rc8 16. Rc1 Rxc1+ 17. Qxc1 g6 18. Bb5 Ne5 19. Nxe5 Qxe5 20. Be2 Qd6 21. Qc3 Ne4 22. Qc8+ Kg7 23. f3 Qc5 24. Qxc5 Nxc5 25. Kf2 f5 26. Bb5 e5 27. d4 exd4 28. exd4 Ne6 29. Ke3 f4+ 30. Kd3 Nf8 31. b4 Kf6 32. Kc3 g5 33. Bd3 Ng6 34. Bxg6 Kxg6 35. b5 Kh5 36. Kd2 Kh4 37. a4 h5 38. Kd3 g4 39. Ke2 a6 40. bxa6 bxa6 41. a5 1/2-1/2